000 01009nam a2200289Ia 4500
003 OSt
005 20220923211213.0
006 a|||||r|||| 00| 0
007 ta
008 220922b |||||||| |||| 00| 0 hin d
020 _a9788126316212 (pbk)
_c100
024 _a284,848
037 _b31, 14/03/2015, P. K. Books
_cTextual
040 _aARTS
_cARTS
_bhin
041 _2hin
_ahin
082 _aO152,6N35x, P8
100 _aराय, कुबेरनाथ
_9159611
245 0 _aमराल
246 _aMarāla
250 _a3संस्करण
260 _aनयी दिल्ली
_b भारतीय ज्ञानपीठ
_c2008
300 _a168पृ.
_ccm.
490 _aलोकोदय ग्रन्थमाला; ग्रन्थांक 561
650 _aहिन्दी साहित्य
_9156264
942 _hO152,6N35x, P8
_cTEXL
_2CC
999 _c296812
_d296812